Návrh opatrení na zlepšenie získavania a výberu zamestnancov v podmienkach PCA Slovakia, s.r.o.

Enregistré dans:
Détails bibliographiques
Auteur principal: Molovčáková, Júlia (Auteur)
Autres auteurs: Koltnerová, Kristína (Directeur de thèse)
Format: Manuscrit Livre
Langue:slovaque
Publié: 2017
Sujets:
Accès en ligne:http://is.stuba.sk/zp/portal_zp.pl?podrobnosti=114930
Tags: Ajouter un tag
Pas de tags, Soyez le premier à ajouter un tag!

MARC

LEADER 00000ntm a22000003a 4500
001 stuzp62492
003 SK-STU
005 20170624211605.1
007 ta
008 150427s2015----xo-----f-mn---000-0-slo-d
040 |a STU  |b slo 
041 0 |a slo 
100 1 |a Molovčáková, Júlia  |u 064000  |4 aut  |U MTF Materiálovotechnologická fakulta  |T MTF Ústav priemyselného inžinierstva a manažmentu  |X 69872  |U M4000  |Y 84  |7 69872 
242 0 1 |a The proposal of measures to improve recruitment and selection of employees in PCA Slovakia, s. r. o. conditions  |y eng 
245 1 0 |a Návrh opatrení na zlepšenie získavania a výberu zamestnancov v podmienkach PCA Slovakia, s.r.o. 
260 |c 2017 
650 4 |a personálny manažment  |2 slo 
650 4 |a získavanie zamestnancov  |2 slo 
650 4 |a výber zamestnancov  |2 slo 
650 4 |a personnel management  |2 eng 
650 4 |a recruitment of employees  |2 eng 
650 4 |a selection of employees  |2 eng 
700 1 |a Koltnerová, Kristína  |u 064000  |k Z1  |4 ths  |U MTF Materiálovotechnologická fakulta  |T MTF Ústav priemyselného inžinierstva a manažmentu  |X 32947  |U M4000  |Y 84  |7 A000032947 
856 4 |u http://is.stuba.sk/zp/portal_zp.pl?podrobnosti=114930 
996 |c M* BP-7980  |l MMSKP  |s P  |a 0  |w stuzp62492_0001